LEADER 00816nam0-22002891i-450- 001 990006232600403321 005 19980601 035 $a000623260 035 $aFED01000623260 035 $a(Aleph)000623260FED01 035 $a000623260 100 $a19980601d1637----km-y0itay50------ba 105 $a--------00-yy 200 1 $aOpera omnia quae extant$fAurelius Cassiodorus. 210 $aS.l.$capud F. Gamonet$d1637 215 $a779 p.$d24 cm 676 $a340.5 700 1$aCassiodorus Senator,$bFlavius Magnus Aurelius$f$0392663 801 0$aIT$bUNINA$gRICA$2UNIMARC 901 $aBK 912 $a990006232600403321 952 $aV LB 4$b16160$fFGBC 952 $aIV ZL CASSIODORO 1$b866$fFGBC 959 $aFGBC 996 $aOpera omnia quae extant$9636417 997 $aUNINA DB $aGIU01 LEADER 01697nam 2200565 450 001 9910456269903321 005 20200520144314.0 010 $a0-19-971613-7 035 $a(CKB)2430000000022190 035 $a(SSID)ssj0000353552 035 $a(PQKBManifestationID)11965105 035 $a(PQKBTitleCode)TC0000353552 035 $a(PQKBWorkID)10288615 035 $a(PQKB)10783349 035 $a(MiAaPQ)EBC3056240 035 $a(Au-PeEL)EBL3056240 035 $a(CaPaEBR)ebr10879091 035 $a(CaONFJC)MIL616847 035 $a(OCoLC)741887034 035 $a(EXLCZ)992430000000022190 100 $a20140620h20102010 uy 0 101 0 $aeng 135 $aurcnu|||||||| 181 $ctxt 182 $cc 183 $acr 200 00$aPleasures of the Brain /$fedited by Morten L. Kringelbach and Kent C. Berridge 210 1$aNew York, New York :$cOxford University Press,$d2010. 210 4$dİ2010 215 $a1 online resource (352 pages) $cillustrations 225 1 $aSeries in Affective Science 300 $aBibliographic Level Mode of Issuance: Monograph 311 $a0-19-533102-8 320 $aIncludes bibliographical references at the end of each chapters and index. 410 0$aSeries in affective science. 606 $aPleasure 606 $aReward (Psychology) 608 $aElectronic books. 615 0$aPleasure. 615 0$aReward (Psychology) 676 $a152.4/2 702 $aKringelbach$b Morten L. 702 $aBerridge$b Kent C. 801 0$bMiAaPQ 801 1$bMiAaPQ 801 2$bMiAaPQ 906 $aBOOK 912 $a9910456269903321 996 $aPleasures of the Brain$92066488 997 $aUNINA